Embedded case study methods : integrating quantitative and qualitative knowledge

Αποθηκεύτηκε σε:
Λεπτομέρειες βιβλιογραφικής εγγραφής
Κύριοι συγγραφείς: Scholz, Roland W., Tietje, Olaf (Συγγραφέας)
Μορφή: Βιβλίο
Γλώσσα:English
Δημοσίευση: Thousand Oaks, Calif. : Sage Publications, 2002
Θέματα:
Ετικέτες: Προσθήκη ετικέτας
Δεν υπάρχουν, Καταχωρήστε ετικέτα πρώτοι!

MARC

LEADER 00000cam a2200000 i 4500
001 1/63219
008 071116s2002 eng d
020 |a 0-7619-1946-5 (pbk.) 
035 |l 10092331 
040 |a GR-MY-UA  |b gre  |e aacr 
041 0 |a eng 
082 0 |a 001.432  |2 (22) 
100 1 |a Scholz, Roland W. 
245 1 0 |a Embedded case study methods :  |b integrating quantitative and qualitative knowledge /  |c Roland W. Scholz, Olaf Tietje 
260 |a Thousand Oaks, Calif. :   |b Sage Publications,   |c 2002 
300 |a 392 σ.;  |b εικ.;  |c 24 εκ. 
504 |a Βιβλιογραφία : σ. 351-378. Ευρετήριο 
650 0 0 |a Research  |x Methodology. 
650 0 0 |a Case method. 
650 0 0 |a Research  |x Methods. 
700 1 |a Tietje, Olaf.  |4 aut 
852 |a INST  |b CHIOS  |e 20071116  |h 001.432 SCH  |p 005200028414  |q 005200028414  |t BK  |y 0 
901 |a BIBL2-2007-3 
909 |a Χ  |b 131408 
970 |a ΒΑΡΦΗΣ  |b ΒΑΓΓΕΛΗΣ  |z 2007/11/16